'We Will Rock You' Missing Lyrics Quiz - Statistics

General Stats
  • This quiz has been taken 147 times
  • The average score is 19 of 26
Answer Stats
Lyrics % Correct
Big {disgrace}
93%
We will, {we} {will} {rock} {you}
93%
We will, {we} {will} {rock} {you}
93%
We will, {we} {will} {rock} {you}
93%
We will, {we} {will} {rock} {you}, alright
93%
We will, {we} {will} {rock} {you}, everybody
93%
We will, {we} {will} {rock} {you}, hmm
93%
We will, {we} {will} {rock} {you}, sing it
93%
We will, {we} {will} {rock} {you} (Sing it out)
93%
You big {disgrace}
93%
You big {disgrace}
93%
You got {mud} on your face
91%
You got {mud} on your face
91%
Gonna be a {big} man someday
88%
{Buddy}, you're a boy, make a big noise
81%
Playing in the {street},
75%
Gonna take on the {world} someday
71%
You got {blood} on your face
70%
{Kicking} your can all over the place, singing
67%
Somebody better put you back into your {place}
67%
Waving your {banner} all over the place
51%
Buddy, you're a young man, {hard} {man}
47%
Buddy, you're a old man, {poor} {man}
37%
Pleading with your {eyes},
25%
Gonna make you some {peace} someday
24%
{Shouting} in the street,
22%
No matching quizzes found
Score Distribution
Percent of People with Each Score
Percentile by Number Answered
Your Score History
You have not taken this quiz